| 000 | 00692nam a2200229 u 4500 | ||
|---|---|---|---|
| 005 | 20220916063621.0 | ||
| 008 | 150319s2006 mx r 000 0 spa d | ||
| 020 | _a9702008395 | ||
| 035 | _aUPN01000202637 | ||
| 049 | _aI | ||
| 050 | 4 |
_aPZ74.7 _bS2.3 |
|
| 100 | 1 |
_aSada, Margarita, _d1966- _934603 |
|
| 245 | 1 | 0 |
_aDe principios y princesas / _cMargarita Sada, Luis Fernando Ayala. |
| 260 |
_aMéxico : _bCastillo, _c2006. |
||
| 300 |
_a35 p. : _bil. col. |
||
| 440 | 3 | _aLa otra escalera | |
| 650 | 4 |
_aHUMORISMO INFANTIL _915728 |
|
| 650 | 7 |
_aLibros ilustrados para niños _2 _921365 |
|
| 700 | 1 |
_aAyala, Luis Fernando, _d1964- _ecoaut. _937716 |
|
| 905 | _aInfantil | ||
| 999 |
_c174738 _d174738 |
||